Shopping centres market (Record no. 73426)

MARC details
000 -LEADER
fixed length control field 01219cam a2200241 4500
001 - CONTROL NUMBER
control field WB3935-04
008 - FIXED-LENGTH DATA ELEMENTS--GENERAL INFORMATION
fixed length control field 030917n2003 000 0 eng u
035 ## - SYSTEM CONTROL NUMBER
System control number (Sirsi) u123646
245 ## - TITLE STATEMENT
Title Shopping centres market
260 ## - PUBLICATION, DISTRIBUTION, ETC.
Date of publication, distribution, etc. 2003
490 ## - SERIES STATEMENT
Series statement Retail Week
Volume/sequential designation 12 September 2003, 33(1)
490 ## - SERIES STATEMENT
Series statement Donaldsons Press Release
Volume/sequential designation 5 September 2003 (3)
520 ## - SUMMARY, ETC.
Summary, etc. Vacant space in shopping centres has fallen, although high street space rose by a third, according to Donaldsons' "Shopping centre index 2003". Investors are encouraged by the security of income from shopping centres but there is a low level of investment in improving existing centres. Donaldsons also found that there is a growing perception among retailers that rent at the larger centres is too prohibitive. http://www.donaldsons.co.uk/rcs/Reef/67402/pressoffice_pub/index.xml
590 ## - LOCAL NOTE (RLIN)
Local note WB
650 ## - SUBJECT ADDED ENTRY--TOPICAL TERM
Topical term or geographic name entry element SHOPPING CENTRES
650 ## - SUBJECT ADDED ENTRY--TOPICAL TERM
Topical term or geographic name entry element DONALDSONS' SHOPPING CENTRE INDEX
650 ## - SUBJECT ADDED ENTRY--TOPICAL TERM
Topical term or geographic name entry element PROPERTY INVESTMENT
650 ## - SUBJECT ADDED ENTRY--TOPICAL TERM
Topical term or geographic name entry element INVESTMENT MARKET
650 ## - SUBJECT ADDED ENTRY--TOPICAL TERM
Topical term or geographic name entry element PROPERTY-COMMERCIAL PROPERTY-RETAIL PROPERTY-RETAIL PROPERTY MARKET
650 ## - SUBJECT ADDED ENTRY--TOPICAL TERM
Topical term or geographic name entry element HIGH STREET SHOPS
690 ## - LOCAL SUBJECT ADDED ENTRY--TOPICAL TERM (OCLC, RLIN)
Topical term or geographic name as entry element PROPERTY-COMMERCIAL PROPERTY-COMMERCIAL PROPERTY MARKET
942 ## - ADDED ENTRY ELEMENTS (KOHA)
Suppress in OPAC 0
Holdings
Withdrawn status Lost status Source of classification or shelving scheme Damaged status Not for loan Home library Current library Shelving location Date acquired Total Checkouts Full call number Barcode Date last seen Copy number Price effective from Koha item type
    Dewey Decimal Classification     London London News article 17/09/2003   WB3935-04 123646-1001 06/08/2019 1 06/08/2019 News article